| 000 | 01167nam a22002177a 4500 | ||
|---|---|---|---|
| 999 |
_c60968 _d60968 |
||
| 005 | 20231130153002.0 | ||
| 008 | 231130s2011 ru ||||| |||| 00| 0 rus d | ||
| 020 | _a9789941173509 | ||
| 041 | _arus | ||
| 080 | _a908(479) +39(479) Т-59 | ||
| 100 |
_aТопчишвили, Роланд _920528 |
||
| 245 |
_aКавказоведческие исследования / _cРоланд Топчишвили; Ред. Зураб Папаскири, Георгий Жужунашвили;ТГУ им. И. Джавахишвили, Фак. гуманит. наук. |
||
| 264 |
_aТбилиси : _bУниверсал, _c2011. |
||
| 300 |
_a272 с. ; _b21 см. |
||
| 653 | _aკავკასიათმცოდნეობა | ||
| 653 | _aეთნოლოგია | ||
| 700 |
_aПапаскири, Зураб _eრედაქტორი _920529 |
||
| 700 |
_aЖужунашвили, Георгий _eრედაქტორი _920530 |
||
| 710 |
_aТбилисский государственный университет им. И. Джавахишвили. _dФакультет гуманитарных наук. _920531 |
||
| 942 |
_2udc _cᲬᲘᲒᲜᲘ |
||